[Event "59th ch-RUS 1st League"]
[Site "Tomsk RUS"]
[Date "2006.09.03"]
[Round "1"]
[White "Najer,E"]
[Black "Amonatov,F"]
[Result "1/2-1/2"]
[WhiteElo "2677"]
[BlackElo "2542"]
[EventDate "2006.09.03"]

1. e4 c5 2. Nf3 d6 3. d4 cxd4 4. Nxd4 Nf6 5. Nc3 a6 6. Be3 e5 7. Nf3 Be7 8.
Bc4 O-O 9. O-O Be6 10. Qe2 b5 11. Bb3 Nc6 12. Rfd1 Qc8 13. Bg5 Bg4 14. Qe3
Ne8 15. Bxe7 Nxe7 16. a4 b4 17. Nd5 Nxd5 18. Bxd5 Rb8 19. h3 Be6 20. Bxe6
Qxe6 21. Qb3 Qe7 22. a5 Nf6 23. Qc4 Rfd8 24. Qxa6 Nxe4 25. Qc6 Nf6 26. a6
Rbc8 27. Qb6 Rb8 28. Qa5 d5 29. a7 Ra8 30. Qb6 h6 31. Ra4 Rdc8 32. Rda1 d4
33. Qxb4 Rxa7 1/2-1/2

[Event "59th ch-RUS 1st League"]
[Site "Tomsk RUS"]
[Date "2006.09.03"]
[Round "1"]
[White "Alekseev,Evgeny"]
[Black "Chuprov,D"]
[Result "1-0"]
[WhiteElo "2644"]
[BlackElo "2527"]
[EventDate "2006.09.03"]

1. e4 c6 2. d4 d5 3. Nc3 dxe4 4. Nxe4 Nf6 5. Nxf6+ gxf6 6. c3 Bf5 7. Nf3
Qd5 8. c4 Qe4+ 9. Be3 Na6 10. Nd2 Qe6 11. Qb3 O-O-O 12. O-O-O h5 13. Be2
Bh6 14. Bf3 Bxe3 15. fxe3 Rd7 16. Qc3 Rhd8 17. Bxh5 Nc5 18. dxc5 Rd3 19.
Qa5 Rxe3 20. Nb1 Qxc4+ 21. Nc3 Rdd3 22. Rhf1 Re5 23. Rxd3 Qxd3 24. Rf2 b6
25. Qa4 Qe3+ 26. Rd2 Rxc5 27. Qd4 Qe1+ 28. Bd1 Re5 29. g4 Bg6 1-0

[Event "59th ch-RUS 1st League"]
[Site "Tomsk RUS"]
[Date "2006.09.03"]
[Round "1"]
[White "Nepomniachtchi,I"]
[Black "Volkov,S1"]
[Result "1-0"]
[WhiteElo "2520"]
[BlackElo "2628"]
[EventDate "2006.09.03"]

1. e4 e6 2. Nf3 d5 3. Nc3 Nf6 4. e5 Nfd7 5. d4 c5 6. dxc5 Nc6 7. Bf4 Bxc5
8. Bd3 f6 9. exf6 Nxf6 10. Qe2 O-O 11. O-O-O Bd7 12. Kb1 Rc8 13. Ne5 Be8
14. Nxc6 Rxc6 15. Na4 Be7 16. Bb5 Ne4 17. f3 Rxf4 18. fxe4 Rd6 19. Bxe8
Qxe8 20. Nc3 d4 21. g3 Rf8 22. e5 Rd8 23. Ne4 Qc6 24. Rhe1 Rd5 25. Nf2 Ra5
26. Nd3 Qa4 27. Nc1 Rf5 28. Qe4 Rd5 29. Nb3 Rf2 30. Qg4 Qd7 31. h4 d3 32.
c4 Qc6 33. Qe4 Rd7 34. Qxc6 bxc6 35. Re3 g5 36. hxg5 d2 37. Kc2 Bxg5 38.
Re4 Kf7 39. Nc5 Rd8 40. Rg4 Be7 41. Nd3 Rf5 42. Rxd2 h5 43. Rf4 Rg8 44. Rh2
Rxf4 45. Nxf4 h4 46. gxh4 Rg4 47. Rf2 Bxh4 48. Rf3 Ke7 49. Kc3 Be1+ 50. Kb3
Ba5 51. Nd3 Rh4 52. Rg3 Kf7 53. Nb4 c5 54. Nd3 Bb6 55. a3 Re4 56. Rf3+ Kg7
57. Kc3 Ba5+ 58. b4 cxb4+ 59. axb4 Bc7 60. c5 Rg4 61. Rf2 Bb8 62. c6 Rh4
63. Kb3 Re4 64. Ra2 Rd4 65. Nc5 Kf7 66. c7 1-0

[Event "59th ch-RUS 1st League"]
[Site "Tomsk RUS"]
[Date "2006.09.03"]
[Round "1"]
[White "Inarkiev,E"]
[Black "Belozerov,A"]
[Result "1/2-1/2"]
[WhiteElo "2625"]
[BlackElo "2518"]
[EventDate "2006.09.03"]

1. e4 c5 2. Nf3 Nc6 3. d4 cxd4 4. Nxd4 g6 5. Nc3 Bg7 6. Be3 Nf6 7. Bc4 Qa5
8. O-O O-O 9. h3 d6 10. Re1 Bd7 11. Bb3 Qh5 12. f4 Qxd1 13. Raxd1 Rfd8 14.
e5 dxe5 15. fxe5 Nxe5 16. Bf4 Nc6 17. Nxc6 Bxc6 18. Rxd8+ Rxd8 19. Rxe7 Rd7
20. Bxf7+ Kf8 21. Rxd7 Nxd7 22. Bc4 Nb6 23. Bb3 a5 24. Nd1 a4 25. Bd6+ Ke8
26. Be6 Be4 27. c3 Bd5 28. Bxd5 Nxd5 29. Kf2 Kd7 30. Bc5 Kc6 31. Ba3 b5 32.
Ne3 Nxe3 33. Kxe3 Kd5 34. g4 Be5 35. Kd3 Bc7 36. b3 axb3 37. axb3 Bb8 38.
Bf8 Bc7 39. Bh6 Bd6 40. Be3 Bc7 41. Bf2 Bd6 42. Bh4 Bc7 43. Be7 Bb8 44. c4+
bxc4+ 45. bxc4+ Kc6 46. Ke4 Bc7 47. Bb4 Bb8 48. Bd2 Bc7 49. Bf4 Bd8 50. Bb8
Kc5 51. Kd3 Be7 52. Bf4 Bd8 53. Be3+ Kc6 54. Ke4 Bc7 55. c5 Bg3 56. Bd4 Bc7
57. Bf2 Bb8 58. h4 Bc7 59. h5 Bb8 60. h6 Bc7 61. Bd4 Bg3 62. Be5 Bf2 63.
Bd4 Bg3 64. Bg1 Bc7 65. Be3 Bg3 66. Bd4 Bh2 67. Be5 Bg1 68. Bf4 Bxc5 69.
Ke5 Bd6+ 70. Kf6 Bxf4 71. Kg7 Kd5 72. Kxh7 g5 73. Kg6 Ke6 74. h7 1/2-1/2

[Event "59th ch-RUS 1st League"]
[Site "Tomsk RUS"]
[Date "2006.09.03"]
[Round "1"]
[White "Riazantsev,A"]
[Black "Yemelin,V"]
[Result "1/2-1/2"]
[WhiteElo "2622"]
[BlackElo "2516"]
[EventDate "2006.09.03"]

1. d4 d5 2. c4 e6 3. Nc3 c5 4. cxd5 exd5 5. Nf3 Nc6 6. g3 Nf6 7. Bg2 Be7 8.
O-O O-O 9. Bg5 cxd4 10. Nxd4 h6 11. Be3 Re8 12. Qb3 Na5 13. Qc2 Bg4 14. Nf5
Rc8 15. Bd4 Bc5 16. Bxc5 Rxc5 17. Ne3 Be6 18. Rfd1 Nc6 19. Qa4 Qe7 20.
Ncxd5 Bxd5 21. Nxd5 Nxd5 22. Rxd5 Rxd5 23. Bxd5 Qxe2 24. Bxc6 bxc6 25. Qxc6
Re6 26. Qa8+ Kh7 27. Qxa7 Qxb2 28. Rf1 Re2 29. a4 Qf6 30. Qb7 Qf5 31. Qb3
Rd2 32. Qc3 Ra2 33. Qd4 Qf6 34. Qe4+ Qg6 35. Qd4 Qf6 36. Qd3+ g6 37. Qc4
Qe6 38. Qd4 Re2 39. a5 Ra2 40. Qc5 Qf5 41. Qxf5 1/2-1/2

[Event "59th ch-RUS 1st League"]
[Site "Tomsk RUS"]
[Date "2006.09.03"]
[Round "1"]
[White "Anisimov,P"]
[Black "Korotylev,A"]
[Result "1/2-1/2"]
[WhiteElo "2515"]
[BlackElo "2613"]
[EventDate "2006.09.03"]

1. e4 c5 2. Nf3 Nc6 3. d4 cxd4 4. Nxd4 Nf6 5. Nc3 d6 6. Bc4 Qb6 7. Nb3 e6
8. Bf4 Ne5 9. Be2 Bd7 10. Qd2 Be7 11. O-O-O O-O 12. g4 Nexg4 13. Bxg4 Nxg4
14. Rhg1 e5 15. Nd5 Qd8 16. h3 exf4 17. hxg4 Bg5 18. f3 Be6 19. Na5 Qd7 20.
Qb4 Rac8 21. Rg2 Rc5 22. Nc3 Bf6 23. Qxc5 dxc5 24. Rxd7 Bxd7 25. Nd5 b6 26.
Nxf6+ gxf6 27. Nc4 h5 28. gxh5+ Kh7 29. Nd2 Kh6 30. Nb1 1/2-1/2

[Event "59th ch-RUS 1st League"]
[Site "Tomsk RUS"]
[Date "2006.09.03"]
[Round "1"]
[White "Lastin,A"]
[Black "Kabanov,N"]
[Result "1/2-1/2"]
[WhiteElo "2613"]
[BlackElo "2514"]
[EventDate "2006.09.03"]

1. e4 c5 2. Nf3 d6 3. d4 cxd4 4. Nxd4 Nf6 5. Nc3 g6 6. Be2 Bg7 7. O-O O-O
8. Nb3 Nc6 9. Re1 a5 10. a4 Be6 11. Bg5 Rc8 12. Bf1 Nd7 13. Bb5 Nb4 14. Nd5
f6 15. Bd2 Bxd5 16. exd5 Nxc2 17. Bxa5 b6 18. Bc3 Rxc3 19. bxc3 Nxe1 20.
Qxe1 Nc5 21. Nxc5 dxc5 22. Qe6+ Kh8 23. Re1 f5 24. c4 Bf6 25. Qc6 Qb8 26.
g3 Rc8 27. Qe6 Rd8 28. Kg2 Kg7 29. Rb1 Qe5 30. Qxe5 Bxe5 31. Bc6 Bc7 32.
Re1 Kf7 33. f4 Rd6 34. Kf3 Rd8 35. h3 h5 36. Re2 Bd6 37. Rb2 Bc7 38. Re2
Bd6 39. Rb2 1/2-1/2

[Event "59th ch-RUS 1st League"]
[Site "Tomsk RUS"]
[Date "2006.09.03"]
[Round "1"]
[White "Galkin,A"]
[Black "Chebotarev,O"]
[Result "0-1"]
[WhiteElo "2600"]
[BlackElo "2505"]
[EventDate "2006.09.03"]

1. e4 e6 2. d4 d5 3. Nc3 Nf6 4. Bg5 dxe4 5. Nxe4 Be7 6. Bxf6 gxf6 7. Nf3 a6
8. Qe2 f5 9. Ned2 c5 10. O-O-O cxd4 11. Nb3 Nc6 12. Nbxd4 Nxd4 13. Nxd4 Qa5
14. Kb1 Bd7 15. Qh5 Bf6 16. Be2 O-O-O 17. Qxf7 Rhf8 18. Qh5 Ba4 19. Nb3 Qe5
20. c3 Qe4+ 21. Ka1 Qxg2 22. Qxh7 Qxf2 23. Bc4 Kb8 24. Rxd8+ Rxd8 25. Qf7
Qc2 26. Rb1 Bxc3 0-1

[Event "59th ch-RUS 1st League"]
[Site "Tomsk RUS"]
[Date "2006.09.03"]
[Round "1"]
[White "Tomashevsky,E"]
[Black "Voitsekhovsky,S"]
[Result "1-0"]
[WhiteElo "2594"]
[BlackElo "2494"]
[EventDate "2006.09.03"]

1. c4 c5 2. Nf3 g6 3. d4 cxd4 4. Nxd4 Bg7 5. e4 Nf6 6. Nc3 d6 7. Be2 O-O 8.
O-O Nbd7 9. Be3 a6 10. Qd2 Nc5 11. f3 Bd7 12. Rac1 Rc8 13. b3 Re8 14. Rfd1
Ne6 15. Bf1 Qa5 16. Nc2 Qc7 17. Nb4 Qb8 18. Ncd5 Nxd5 19. Nxd5 b5 20. Nb6
Rc7 21. Qa5 Bc6 22. Nd5 Bxd5 23. exd5 Nc5 24. b4 Na4 25. cxb5 Rc3 26. Bf2
axb5 27. Bxb5 Rec8 28. Rb1 Ra3 29. Bxa4 Rxa2 30. Bc6 Rxa5 31. bxa5 Bb2 32.
Rd2 Qb4 33. Rdxb2 Qxa5 34. Rb7 Kf8 35. Re1 Rc7 36. Rb8+ Kg7 37. Re8 Kf6 38.
Bd4+ Kg5 39. R8xe7 Rxe7 40. Rxe7 Qb4 41. Bf2 Kf6 42. Re4 Qb1+ 43. Re1 Qb2
44. h4 h5 45. Re4 Qc1+ 46. Kh2 Kg7 47. Bg3 1-0

[Event "59th ch-RUS 1st League"]
[Site "Tomsk RUS"]
[Date "2006.09.03"]
[Round "1"]
[White "Alavkin,A"]
[Black "Landa,K"]
[Result "1/2-1/2"]
[WhiteElo "2492"]
[BlackElo "2584"]
[EventDate "2006.09.03"]

1. d4 Nf6 2. Nf3 d5 3. c4 e6 4. Nc3 Bb4 5. Bg5 Nbd7 6. Qb3 c5 7. cxd5 exd5
8. a3 Bxc3+ 9. Qxc3 h6 10. Qe3+ Qe7 11. Qxe7+ Kxe7 12. Bxf6+ Kxf6 13. dxc5
Nxc5 14. Nd4 Bd7 15. e3 Rac8 16. Be2 Rc7 17. f3 Ne6 18. Kd2 Rhc8 19. Rac1
Nxd4 20. exd4 Rxc1 21. Rxc1 Rxc1 22. Kxc1 a5 23. Kd2 1/2-1/2

[Event "59th ch-RUS 1st League"]
[Site "Tomsk RUS"]
[Date "2006.09.03"]
[Round "1"]
[White "Grigoriants,S RUS"]
[Black "Yudin,S"]
[Result "1-0"]
[WhiteElo "2579"]
[BlackElo "2475"]
[EventDate "2006.09.03"]

1. Nf3 d5 2. d4 e6 3. c4 c6 4. Qc2 dxc4 5. Qxc4 Nf6 6. Bg5 b5 7. Qc2 Bb7 8.
e4 Nbd7 9. Nc3 h6 10. Be3 Rc8 11. e5 Nd5 12. Nxd5 cxd5 13. Qd1 Be7 14. Bd3
O-O 15. O-O b4 16. Qd2 Re8 17. Rac1 Qb6 18. Bxh6 gxh6 19. Qxh6 Nf8 20. Ng5
Bxg5 21. Qxg5+ Kh8 22. Rce1 Ba6 23. Qh6+ Kg8 24. Qg5+ Kh8 25. Qh6+ Kg8 26.
Re3 Bxd3 27. Rxd3 Rc4 28. Rh3 Ng6 29. Qh7+ Kf8 30. Rf3 Re7 31. Qxg6 Qxd4
32. Qh6+ Ke8 33. Qh8+ Kd7 34. Qb8 Rc7 35. Qb5+ Kd8 36. Qb8+ Kd7 37. Qb5+
Kd8 38. Qe2 Rc4 39. Rd1 Qc5 40. h3 Rc7 41. Kh2 Kc8 42. a3 a5 43. axb4 axb4
44. Ra1 Qb6 45. Qd2 Kb7 46. Qh6 Rd7 47. Qh8 Rc8 48. Qh5 Rcc7 49. Qh8 Rc8
50. Qh5 Rcc7 51. Rf4 d4 52. Qf3+ Qc6 53. Qb3 Qb5 54. g3 Rc6 55. Rd1 Qxe5
56. Qxb4+ Rb6 57. Qa4 Rbd6 58. Ra1 Qc5 59. Qa8+ Kc7 60. Ra5 1-0

[Event "59th ch-RUS 1st League"]
[Site "Tomsk RUS"]
[Date "2006.09.03"]
[Round "1"]
[White "Nechepurenko,R"]
[Black "Popov,Val"]
[Result "0-1"]
[WhiteElo "2463"]
[BlackElo "2578"]
[EventDate "2006.09.03"]

1. d4 d5 2. Nf3 Nf6 3. Bf4 c6 4. e3 Qb6 5. Qc1 Nh5 6. Bg5 h6 7. Bh4 g5 8.
Bg3 Nxg3 9. hxg3 Bg7 10. c4 Bf5 11. Nc3 e6 12. Qd2 Nd7 13. Be2 O-O 14. O-O
dxc4 15. Bxc4 Rad8 16. Qe2 Bg4 17. Rac1 a6 18. Bb3 e5 19. d5 Nc5 20. Qc4 e4
21. Nh2 Nxb3 22. axb3 cxd5 23. Nxd5 Qe6 24. Nxg4 Rxd5 25. f3 exf3 26. Rxf3
b5 27. Qc6 Rd1+ 0-1

[Event "59th ch-RUS 1st League"]
[Site "Tomsk RUS"]
[Date "2006.09.03"]
[Round "1"]
[White "Shabanov,Y"]
[Black "Bocharov,D"]
[Result "0-1"]
[WhiteElo "2443"]
[BlackElo "2571"]
[EventDate "2006.09.03"]

1. e4 c5 2. Nf3 e6 3. c3 Nf6 4. e5 Nd5 5. d4 cxd4 6. cxd4 d6 7. a3 Be7 8.
Bd3 b6 9. O-O Bb7 10. Re1 Nd7 11. Bd2 O-O 12. Nc3 dxe5 13. dxe5 Nc5 14. Bc2
Rc8 15. Ne4 Nxe4 16. Bxe4 Rc7 17. Rc1 Rxc1 18. Qxc1 Qd7 19. Qc2 h6 20. Rc1
Rd8 21. h3 Bf8 22. Bh7+ Kh8 23. Be4 a5 24. Qc4 b5 25. Qe2 b4 26. axb4 Nxb4
27. Bxb4 Bxb4 28. Bxb7 Qxb7 29. Rd1 Rc8 30. Qd3 Kg8 31. h4 g6 32. Qe3 Kg7
33. Rc1 Rd8 34. b3 Rd7 35. Rc4 Be7 36. Qc3 Qa7 37. Rd4 Rb7 38. Rc4 Qb6 39.
Rc6 Qxb3 40. Qxa5 Bxh4 41. Qa8 Rb8 42. Qa7 Bd8 43. Kh2 Qb7 44. Qxb7 Rxb7
45. Rc2 Rb4 46. Rc8 Ba5 47. Ra8 Rb5 48. Nd4 Rxe5 0-1

[Event "59th ch-RUS 1st League"]
[Site "Tomsk RUS"]
[Date "2006.09.03"]
[Round "1"]
[White "Khismatullin,D"]
[Black "Gubajdullin,A"]
[Result "1-0"]
[WhiteElo "2568"]
[BlackElo "2431"]
[EventDate "2006.09.03"]

1. d4 Nf6 2. c4 g6 3. g3 c6 4. Bg2 d5 5. Nf3 dxc4 6. Ne5 Be6 7. Na3 Bd5 8.
f3 b5 9. e4 Be6 10. f4 Qc8 11. h3 Nfd7 12. Nf3 f6 13. d5 Bf7 14. O-O Nc5
15. Nd4 Nd3 16. Be3 e5 17. fxe5 fxe5 18. Qf3 Qc7 19. dxc6 a6 20. Naxb5 axb5
21. Nxb5 Qxc6 22. Qxf7+ Kd8 23. Rf6 Qxb5 24. Bb6+ Qxb6+ 25. Rxb6 Bc5+ 26.
Kh2 Bxb6 27. Qf6+ Kc7 28. Qxh8 Bd4 29. Rf1 Rxa2 30. Qg8 Ra4 31. h4 Rb4 32.
Qxh7+ Nd7 33. Qxg6 Rxb2 34. Qa6 Rb4 35. h5 N3c5 36. Qa5+ Rb6 37. h6 Nb3 38.
Qa7+ Rb7 39. Qa6 c3 40. h7 Rb8 41. Bh3 1-0

[Event "59th ch-RUS 1st League"]
[Site "Tomsk RUS"]
[Date "2006.09.03"]
[Round "1"]
[White "Sitnikov,D"]
[Black "Kornev,Alexei"]
[Result "1/2-1/2"]
[WhiteElo "2430"]
[BlackElo "2568"]
[EventDate "2006.09.03"]

1. e4 c6 2. d4 d5 3. exd5 cxd5 4. c4 Nf6 5. Nc3 e6 6. Nf3 Bb4 7. cxd5 Nxd5
8. Qc2 Nc6 9. Be2 Nce7 10. O-O Bd7 11. Qb3 Qb6 12. Nxd5 Nxd5 13. Ne5 Bd6
14. Qf3 Bxe5 15. dxe5 O-O 16. Qg3 Kh8 17. Rd1 Ba4 18. b3 Bb5 19. Bf3 Bc6
20. Ba3 Rfc8 21. Qh4 Nc3 22. Bxc6 Qxc6 23. Rd6 Qb5 24. Qh5 Kg8 25. Re1 Nd5
26. Bc1 Rc2 27. Bg5 Rxa2 28. h3 Qa5 29. Re4 Qc5 30. Bh4 g6 31. Qg5 Rf8 32.
Rc4 Qa5 33. b4 Ra1+ 34. Kh2 Qb5 35. Rc5 Qf1 36. Rd8 Qg1+ 37. Kg3 Ra3+ 38.
f3 Ra2 39. Rxf8+ Kxf8 40. Qd8+ Kg7 41. Qf6+ Kh6 1/2-1/2

[Event "59th ch-RUS 1st League"]
[Site "Tomsk RUS"]
[Date "2006.09.03"]
[Round "1"]
[White "Vitiugov,N"]
[Black "Karpov,Va"]
[Result "1/2-1/2"]
[WhiteElo "2555"]
[BlackElo "2411"]
[EventDate "2006.09.03"]

1. d4 Nf6 2. c4 e6 3. Nf3 d5 4. Nc3 Be7 5. Bg5 h6 6. Bh4 O-O 7. e3 Ne4 8.
Bxe7 Qxe7 9. Rc1 Nxc3 10. Rxc3 c6 11. Bd3 dxc4 12. Bxc4 Nd7 13. O-O e5 14.
Bb3 exd4 15. exd4 Rd8 16. Re1 Qd6 17. Rce3 Nf8 18. Re8 Rxe8 19. Rxe8 Rb8
20. Ne5 Be6 21. Bxe6 fxe6 22. Rxb8 Qxb8 23. Qc1 Qe8 24. Qc5 Ng6 25. Qxa7
Nxe5 26. dxe5 Qg6 27. h4 Qb1+ 28. Kh2 Qxb2 29. f4 Qd2 30. Qa4 Qe1 31. Kh3
1/2-1/2

[Event "59th ch-RUS 1st League"]
[Site "Tomsk RUS"]
[Date "2006.09.03"]
[Round "1"]
[White "Tsigelnitskiy,I"]
[Black "Zakhartsov,V"]
[Result "0-1"]
[WhiteElo "2404"]
[BlackElo "2548"]
[EventDate "2006.09.03"]

1. e4 c5 2. Nf3 d6 3. d4 cxd4 4. Nxd4 Nf6 5. Nc3 a6 6. Be2 e5 7. Nb3 Be7 8.
g4 h6 9. Be3 Be6 10. Rg1 Nbd7 11. Qd2 b5 12. O-O-O Nb6 13. Bxb6 Qxb6 14.
Kb1 b4 15. Nd5 Bxd5 16. exd5 a5 17. Qe3 Qb7 18. f4 a4 19. fxe5 Nxd5 20.
Rxd5 Qxd5 21. Bf3 Qxe5 22. Qxe5 dxe5 23. Bxa8 axb3 24. Bc6+ Kf8 25. axb3 g6
26. Re1 h5 27. g5 Bxg5 28. Rxe5 Bf4 29. Re8+ Kg7 30. Rxh8 Kxh8 31. h3 Kg7
32. c3 g5 33. Kc2 f5 34. Kd3 g4 35. hxg4 hxg4 36. cxb4 Kf6 37. b5 Bc7 38.
Bd7 Bb6 39. Bc8 Kg5 40. Bd7 f4 41. Ke2 f3+ 42. Kf1 g3 43. Bc6 g2+ 0-1

[Event "59th ch-RUS 1st League"]
[Site "Tomsk RUS"]
[Date "2006.09.03"]
[Round "1"]
[White "Karalkin,M"]
[Black "Lysyj,I"]
[Result "0-1"]
[WhiteElo "2332"]
[BlackElo "2547"]
[EventDate "2006.09.03"]

1. e4 e6 2. d4 d5 3. exd5 exd5 4. Nf3 Bd6 5. c4 Nf6 6. Nc3 O-O 7. cxd5 h6
8. h3 Re8+ 9. Be2 Nbd7 10. O-O Nb6 11. Qc2 Nfxd5 12. a3 Bd7 13. Bd3 Bc6 14.
Ne4 Nf6 15. Nxd6 cxd6 16. Qd1 Ne4 17. Be3 Qf6 18. Re1 Re7 19. Nd2 Rae8 20.
Nxe4 Bxe4 21. Bf1 Bc6 22. Qd2 Nd5 23. Rac1 Qg6 24. Bd3 f5 25. g4 Nxe3 26.
Rxe3 Rxe3 27. Bxf5 Qg5 28. fxe3 Rxe3 29. Rc2 Qf4 30. Be6+ Kh8 31. d5 Qg3+
0-1

[Event "59th ch-RUS 1st League"]
[Site "Tomsk RUS"]
[Date "2006.09.04"]
[Round "2"]
[White "Smirnov,P"]
[Black "Shaposhnikov,E"]
[Result "1/2-1/2"]
[WhiteElo "2613"]
[BlackElo "2547"]
[EventDate "2006.09.03"]

1. e4 c5 2. Nf3 e6 3. d4 cxd4 4. Nxd4 a6 5. Bd3 Nf6 6. O-O d6 7. c4 b6 8.
Nc3 Bb7 9. f4 g6 10. Qe2 Bg7 11. f5 Qe7 12. Bg5 Nbd7 13. Rae1 O-O 14. Qd2
Ne5 15. b3 h6 16. Bh4 g5 17. Bg3 Nh5 18. Bf2 Nf4 19. Be2 Rad8 20. Be3 d5
21. exd5 exd5 22. Bxf4 gxf4 23. Qxf4 Qf6 24. Nxd5 Bxd5 25. cxd5 Rxd5 26.
Nc2 b5 27. Kh1 Rfd8 28. Ne3 Rd4 29. Qg3 Kh8 30. Bf3 Qg5 31. Qxg5 hxg5 32.
Bh5 1/2-1/2

[Event "59th ch-RUS 1st League"]
[Site "Tomsk RUS"]
[Date "2006.09.04"]
[Round "2"]
[White "Popov,Val"]
[Black "Chernyshov,K"]
[Result "1/2-1/2"]
[WhiteElo "2578"]
[BlackElo "2537"]
[EventDate "2006.09.03"]

1. Nf3 Nf6 2. c4 b6 3. g3 Bb7 4. Bg2 e6 5. O-O Be7 6. Nc3 O-O 7. Re1 d5 8.
cxd5 exd5 9. d4 Na6 10. Bf4 c5 11. Rc1 Ne4 12. dxc5 Naxc5 13. Be5 Re8 14.
a3 Bf8 15. Bd4 Ne6 16. e3 Rc8 17. Ne2 Ba6 18. Rxc8 Qxc8 19. Qb1 Re7 20. Rc1
Rc7 21. Rxc7 Qxc7 22. Be5 Qc8 23. Bf1 N6g5 24. Nxg5 Nxg5 25. Bc3 Bxa3 26.
Bxg7 Nf3+ 27. Kg2 Bd3 28. Qa2 Be7 29. Bc3 Be4 30. Qxa7 Bd8 31. Nf4 Ne1+
1/2-1/2

[Event "59th ch-RUS 1st League"]
[Site "Tomsk RUS"]
[Date "2006.09.04"]
[Round "2"]
[White "Bocharov,D"]
[Black "Nepomniachtchi,I"]
[Result "1/2-1/2"]
[WhiteElo "2571"]
[BlackElo "2520"]
[EventDate "2006.09.03"]

1. d4 Nf6 2. Nf3 g6 3. c4 Bg7 4. g3 O-O 5. Bg2 d5 6. cxd5 Nxd5 7. O-O c5 8.
e4 Nf6 9. e5 Nd5 10. dxc5 Na6 11. a3 Nxc5 12. b4 Ne6 13. Qb3 Nb6 14. Rd1
Qc7 15. Nc3 Nd8 16. Nb5 Qb8 17. Bf4 Be6 18. Qe3 Nd5 19. Rxd5 Bxd5 20. e6
Qc8 21. exf7+ Nxf7 22. Rc1 Qd7 23. Nc7 Bxf3 24. Qxf3 Rac8 25. Rd1 Qf5 26.
Qxb7 Qc2 27. Rc1 Qb2 28. Rf1 Be5 29. Nd5 Rb8 30. Qxa7 Bd4 31. Qa6 Rbe8 32.
Qd3 Ne5 33. Qe4 Rf7 34. Nc7 Ng4 35. Qf3 Nxf2 36. Rxf2 Rxf4 37. Qxf4 Bxf2+
38. Qxf2 Qc1+ 39. Bf1 Qxc7 40. b5 Rf8 41. Qe3 Rf6 42. a4 Qc2 43. a5 Qd1 44.
Qe2 Qd4+ 45. Kg2 Qd5+ 46. Kg1 Qc5+ 47. Kg2 Qd5+ 48. Kg1 Qd4+ 1/2-1/2

[Event "59th ch-RUS 1st League"]
[Site "Tomsk RUS"]
[Date "2006.09.04"]
[Round "2"]
[White "Khairullin,I"]
[Black "Najer,E"]
[Result "1/2-1/2"]
[WhiteElo "2538"]
[BlackElo "2677"]
[EventDate "2006.09.03"]

1. e4 c5 2. Nf3 d6 3. d4 cxd4 4. Nxd4 Nf6 5. Nc3 a6 6. Be3 e5 7. Nde2 Be7
8. Ng3 O-O 9. Be2 Be6 10. O-O Nbd7 11. Nf5 Bxf5 12. exf5 Rc8 13. Bf3 b5 14.
a4 b4 15. Nd5 e4 16. Be2 a5 17. Nxe7+ Qxe7 18. Bd4 Ne5 19. c3 Nc6 20. cxb4
Nxb4 21. Rc1 Rxc1 22. Qxc1 Qd7 23. Qg5 h6 24. Qg3 Nbd5 25. Bc4 Qxa4 26. b3
Qb4 27. Ba1 Nh5 28. Qh4 Nhf6 29. Qg3 Nh5 30. Qh4 Nhf6 1/2-1/2

[Event "59th ch-RUS 1st League"]
[Site "Tomsk RUS"]
[Date "2006.09.04"]
[Round "2"]
[White "Zvjaginsev,V"]
[Black "Maletin,P"]
[Result "1/2-1/2"]
[WhiteElo "2675"]
[BlackElo "2543"]
[EventDate "2006.09.03"]

1. e4 c5 2. Nf3 Nc6 3. Bb5 g6 4. O-O Bg7 5. Na3 Nf6 6. Bxc6 dxc6 7. d3 Bg4
8. h3 Bxf3 9. Qxf3 O-O 10. Qe2 e5 11. Be3 Nd7 12. c3 Qe7 13. Rae1 Rad8 14.
Nc4 Rfe8 15. a3 Nf8 16. f4 exf4 17. Bxf4 Ne6 18. Bh2 b5 19. Ne3 Qd7 20. Rd1
Rf8 21. Qg4 Kh8 22. Qh4 f6 23. Ng4 Qe7 24. e5 g5 25. exf6 Rxf6 26. Qh5
Rxf1+ 27. Rxf1 Nf4 28. Bxf4 gxf4 29. Rxf4 Rxd3 30. Qf5 Rd8 31. Nf6 Rd1+ 32.
Kh2 Bxf6 33. Qxf6+ Qxf6 34. Rxf6 Rd2 35. b4 Rc2 36. Rxc6 Rxc3 37. Rxc5 Rxa3
38. Rxb5 Rb3 39. Rb8+ Kg7 40. Rb7+ Kg6 41. b5 h5 42. h4 Rb4 43. Kg3 Rg4+
44. Kf3 Rxh4 45. Rxa7 Rb4 46. Rb7 h4 47. b6 Rb2 48. Rb8 Kg7 49. Kg4 Rxg2+
50. Kxh4 Rb2 51. Kg5 Kf7 52. Kf5 Ke7 53. Ke5 Rb5+ 54. Kd4 Kd6 55. Kc4 Rb1
1/2-1/2

[Event "59th ch-RUS 1st League"]
[Site "Tomsk RUS"]
[Date "2006.09.04"]
[Round "2"]
[White "Belozerov,A"]
[Black "Timofeev,Arty"]
[Result "0-1"]
[WhiteElo "2518"]
[BlackElo "2657"]
[EventDate "2006.09.03"]

1. e4 c5 2. Nf3 d6 3. d4 cxd4 4. Nxd4 Nf6 5. Nc3 Nc6 6. f3 e5 7. Nb3 Be7 8.
Be3 Be6 9. Qd2 d5 10. exd5 Nxd5 11. Nxd5 Qxd5 12. Qxd5 Bxd5 13. O-O-O O-O-O
14. Bd3 Kc7 15. c4 Be6 16. Nc5 Bxc5 17. Bxc5 b6 18. Ba3 h5 19. b3 h4 20.
Rhe1 Rh5 21. Bf1 Rd4 22. Bb2 Rxd1+ 23. Kxd1 f6 24. Kd2 Bf5 25. Ke3 Nb4 26.
Rd1 a5 27. a3 Na6 28. Rc1 Nc5 29. b4 Nb3 30. Rc3 a4 31. Be2 Rh8 32. Bd3 Nd4
33. Be4 Rd8 34. Bd5 Be6 35. Be4 Bf5 36. Bd5 Be6 37. Be4 Nf5+ 38. Bxf5 Bxf5
39. Ke2 Rd4 40. Rc1 Rd3 41. Rc3 Rd4 42. Rc1 Bd3+ 43. Ke3 Rd7 44. c5 Bb5 45.
cxb6+ Kxb6 46. Bc3 Kb7 47. h3 Kb6 48. Ke4 Bd3+ 49. Ke3 Bf5 50. Ke2 Rd3 51.
b5 e4 52. fxe4 Bxe4 53. Bb4 Rg3 54. Rg1 Kxb5 55. Bd6 Rd3 56. Bf8 f5 57. Be7
Rg3 58. Bxh4 Rxa3 59. g3 Rb3 60. Be7 a3 61. Ra1 Rb2+ 62. Ke3 a2 63. Bf8
Rb3+ 64. Kf4 Rf3+ 65. Ke5 Bb1 66. Bxg7 Rxg3 67. Bf6 Rxh3 68. Bg5 Kc4 69.
Kf4 Kd5 70. Bd8 Rh1 71. Bc7 Rc1 72. Bb8 Rc8 73. Ba7 Rc4+ 74. Kf3 Rb4 75.
Bg1 Be4+ 76. Kf2 Rb2+ 0-1

[Event "59th ch-RUS 1st League"]
[Site "Tomsk RUS"]
[Date "2006.09.04"]
[Round "2"]
[White "Korotylev,A"]
[Black "Ionov,S"]
[Result "1/2-1/2"]
[WhiteElo "2613"]
[BlackElo "2517"]
[EventDate "2006.09.03"]

1. Nf3 Nf6 2. c4 e6 3. g3 b6 4. Bg2 Bb7 5. O-O Be7 6. Nc3 O-O 7. Re1 d5 8.
cxd5 exd5 9. d4 Na6 10. Bf4 Qc8 11. Rc1 c5 12. a3 Rd8 13. b4 Ne4 14. dxc5
bxc5 15. Qa4 Nxc3 16. Rxc3 c4 17. Rcc1 Nc7 18. Nd4 Ne6 19. Be5 a5 20. b5
Nc5 21. Qc2 Ne4 22. a4 Ba3 23. Rcd1 Bb4 24. Rf1 Re8 25. Bf4 Qd7 1/2-1/2

[Event "59th ch-RUS 1st League"]
[Site "Tomsk RUS"]
[Date "2006.09.04"]
[Round "2"]
[White "Yemelin,V"]
[Black "Lastin,A"]
[Result "1/2-1/2"]
[WhiteElo "2516"]
[BlackElo "2613"]
[EventDate "2006.09.03"]

1. e4 e5 2. Nf3 Nc6 3. Bb5 a6 4. Ba4 Nf6 5. O-O Be7 6. Re1 b5 7. Bb3 O-O 8.
d3 d6 9. c3 Na5 10. Bc2 c5 11. Nbd2 Nc6 12. Nf1 Re8 13. a4 b4 14. Bg5 Be6
15. Bb3 Bxb3 16. Qxb3 Nd7 17. Bd2 Rb8 18. Qa2 a5 19. Ne3 Bf8 20. Nd5 Nb6
21. Be3 Qd7 22. Nd2 Nxd5 23. Qxd5 Rb7 24. f3 Reb8 25. Nc4 Rd8 26. Nd2 Ne7
27. Qa2 Rdb8 28. Rad1 Nc6 1/2-1/2

[Event "59th ch-RUS 1st League"]
[Site "Tomsk RUS"]
[Date "2006.09.04"]
[Round "2"]
[White "Belov,Vl"]
[Black "Alavkin,A"]
[Result "1/2-1/2"]
[WhiteElo "2598"]
[BlackElo "2492"]
[EventDate "2006.09.03"]

1. e4 e6 2. d4 d5 3. Nc3 Bb4 4. e5 c5 5. a3 Bxc3+ 6. bxc3 Ne7 7. Nf3 Nbc6
8. Bd3 Qa5 9. Bd2 c4 10. Be2 Qa4 11. h4 Bd7 12. h5 h6 13. Nh4 O-O-O 14. O-O
Rdg8 15. Ra2 f5 16. g3 Be8 17. Ng2 g5 18. hxg6 Nxg6 19. Bh5 Qa5 20. Kh2 f4
21. Bg4 Bd7 22. Bh3 Rf8 23. gxf4 h5 24. f5 exf5 25. Qe1 Qd8 26. Qc1 Qc7 27.
f4 Be6 28. a4 Qe7 29. Be1 h4 30. Qd1 Rh6 31. Qf3 Qf7 32. Ne3 Nge7 33. Rg1
Rg8 34. Rxg8+ Qxg8 35. Ra1 Kc7 36. Bf2 Qh7 37. Rb1 Rg6 38. Rb5 Rg4 39. Rxd5
Nxd5 40. Nxd5+ Bxd5 41. Qxd5 Qh6 42. Qf7+ Kb6 43. d5+ Ka6 44. Be3 Nxe5 45.
Qxf5 Nf3+ 46. Kh1 Rg3 47. d6 Ne5 48. Bd4 1/2-1/2